Piura, enclave económico y bastión histórico (Record no. 66065)

MARC details
000 -LEADER
campo de control de longitud fija 00555nam a2200169 i 4500
001 - NÚMERO DE CONTROL
campo de control 66065
003 - IDENTIFICADOR DE NÚMERO DE CONTROL
campo de control ES-MaACL
005 - FECHA Y HORA DE LA ÚLTIMA TRANSACCIÓN
campo de control 20230906165533.0
007 - CAMPO FIJO DE DESCRIPCIÓN FÍSICA--INFORMACIÓN GENERAL
campo de control de longitud fija t|
008 - DATOS DE LONGITUD FIJA--INFORMACIÓN GENERAL
campo de control de longitud fija 040126s1981 sp ||||1| spa d
100 1# - ENTRADA PRINCIPAL--NOMBRE DE PERSONA
Nombre de persona Gabaldoni, Luis E.
9 (RLIN) 53117
245 10 - MENCIÓN DEL TÍTULO
Título Piura, enclave económico y bastión histórico
Resto del título : Trujillo, voluntad de futuro, conciencia histórica /
Mención de responsabilidad, etc. Luis E. Gabaldoni.
260 ## - PUBLICACIÓN, DISTRIBUCIÓN, ETC.
Lugar de publicación, distribución, etc. [Lima :
Nombre del editor, distribuidor, etc. s.n,
Fecha de publicación, distribución, etc. 1981] (
Fabricante Perugraph)
300 ## - DESCRIPCIÓN FÍSICA
Extensión 51 p. ;
Dimensiones 20 cm.
852 ## - LOCALIZACIÓN
Ubicación ES-MaACL
Número de control de estantería 2122-F-7
Sublocalización o colección R.102526
852 ## - LOCALIZACIÓN
Ubicación ES-MaACL
Número de control de estantería 2122-F-19
Sublocalización o colección R.106839
Holdings
Estatus retirado Estado de pérdida Estado de daño No para préstamo Colección Biblioteca de origen Biblioteca actual Ubicación en estantería Fecha de adquisición Fuente de adquisición Total de préstamos Signatura topográfica completa Código de barras Visto por última vez Precio de reemplazo Tipo de ítem Koha
        Colección de folletos Biblioteca del Ateneo de Madrid Biblioteca del Ateneo de Madrid Depósito folletos 17/01/2008     2122-F-19 1069219 23/02/2023 23/02/2023 Folleto
        Colección de folletos Biblioteca del Ateneo de Madrid Biblioteca del Ateneo de Madrid Depósito folletos 17/01/2008     2122-F-7 1069218 23/02/2023 23/02/2023 Folleto